000 00840nam a22002657a 4500
003 URS
005 20240716192822.0
008 240606t2018 usa||||| |||| 00| 0 eng d
020 _a9781633694385
040 _aDLC
_beng
_cDLC
_dDLC
_dURS
_erda
082 _a658.11
_bH3399 2018
100 _aBlank, Steve.
_eauthor
245 _aHBR'S 10 Must Reads :
_bOn Entrepreneurship and Startups/Steve Blank
_cSteve Blank
264 _aunited State of America
_bHarvard Business School Publishing Corporation.
_c2018
300 _avi, 148 pages;
_c21 cm.
336 _2rdacontent
_atext
_btxt
337 _2rdamedia
_aunmediated
_bn
338 _2rdacarrier
_avolume
_bnc
504 _aIncludes index.
650 _aEntrepreneurship
650 _aStartups
650 _aBusiness innovation
650 _aNew business enterprises
942 _2ddc
_cFR
999 _c79961
_d79960